000 00343nam a22001457a 4500
003 OSt
005 20220103143236.0
008 220103b |||||||| |||| 00| 0 eng d
020 _a0471687073
040 _cHU
082 _a001.424
100 _aPhillips
_923669
245 _aOperations Research Principles & Practice
942 _2ddc
_cBOOKS
_n0
999 _c25800
_d25800